000 00476nam a2200157Ia 4500
020 _a0813379857(hb)
082 _a954.9105
_bBUR
100 _aBurki, Shahid Javed
_92782
245 _aPakistan under the military
_beleven years of Zia-ul-Haq
260 _aLahore:
_bPak Book Corporation,
_c1991
300 _a212p
526 _a0
_b0
_c0
_d954_910500000000000_BUR
650 _aMCE
_9379
650 _aPakistan -- Politics and Government -- 1971-1988
_946352
942 _2ddc
_cBK
999 _c549701
_d549701